Štúdium priamej katalytickej oxidácie propénu

Guardado en:
Detalles Bibliográficos
Autor principal: Molnárová, Denisa, 1991- (Autor)
Otros Autores: Horváth, Blažej, 1977- (Orientador)
Formato: Manuscrito Libro
Lenguaje:eslovaco
Publicado: 2015
Materias:
Acceso en línea:http://is.stuba.sk/zp/portal_zp.pl?podrobnosti=113047
Etiquetas: Agregar Etiqueta
Sin Etiquetas, Sea el primero en etiquetar este registro!

MARC

LEADER 00000ntm a22000003a 4500
001 stuzp49727
003 SK-STU
005 20160719153352.3
007 ta
008 150427s2015----xo-----f-mn---000-0-slo-d
040 |a STU  |b slo 
041 0 |a slo 
100 1 |a Molnárová, Denisa,  |d 1991-  |u 048130  |4 aut  |U FCHPT Ústav organickej chémie, katalýzy a petrochémie  |T FCHPT Oddelenie organickej technológie  |X 43553  |U C8130  |Y 123  |7 A0000043553 
242 0 1 |a Study of Direct Catalytic Oxidation of Propene  |y eng 
245 1 0 |a Štúdium priamej katalytickej oxidácie propénu 
260 |c 2015 
650 4 |a voltampérometria  |2 slo 
650 4 |a XRD  |2 slo 
650 4 |a TEM  |2 slo 
650 4 |a epoxidácia propylénu  |2 slo 
650 4 |a katalyzátor  |2 slo 
650 4 |a promótor  |2 slo 
650 4 |a catalyst  |2 eng 
650 4 |a epoxidation of propene  |2 eng 
650 4 |a promoter  |2 eng 
650 4 |a voltammetry  |2 eng 
650 4 |a XRD  |2 eng 
650 4 |a TEM  |2 eng 
700 1 |a Horváth, Blažej,  |d 1977-  |4 ths  |X 3937  |7 A000003937 
856 4 |u http://is.stuba.sk/zp/portal_zp.pl?podrobnosti=113047 
SQL |a stuzp49727  |b DDP  |c SLO  |d Štúdium priamej katalytickej oxidácie propénu  |e 43553  |f Molnárová, Denisa  |g 048130  |h 3937  |i Horváth, Blažej  |j 20150608  |k 117  |l 04  |m http://is.stuba.sk/zp/portal_zp.pl?podrobnosti=113047  |n I-CHTI  |o 5.2.18. chemické technológie